| 000 | 00698nam a2200217 a 4500 | ||
|---|---|---|---|
| 001 | 000012703 | ||
| 005 | 20250522115618.0 | ||
| 008 | 091116s1978 dr 000 j spa d | ||
| 040 |
_aDO-SdBNP _bspa _cBNPHU |
||
| 082 |
_aRD863.44 _bP438r |
||
| 100 | 1 |
_aPérez, Mario Emilio, _d1935- _922183 |
|
| 245 | 1 | 0 |
_aRecuerdos del Barrio de San Miguel / _cMario Emilio Pérez. |
| 260 |
_aSanto Domingo : _bTaller, _c1978. |
||
| 300 |
_a169 p. ; _c21 cm. |
||
| 490 | 1 |
_aBiblioteca Taller ; _v102 |
|
| 590 | _aInventariado, 2020/VM | ||
| 650 | 0 |
_aCuentos dominicanos _9176 |
|
| 650 | 4 |
_aLiteratura dominicano _9177 |
|
| 830 | 0 |
_aBiblioteca taller ; _v102 _9164 |
|
| 910 | _aValidado. Control de calidad MMOLINA | ||
| 999 |
_c12354 _d12354 |
||